Statistics for Mika's Top 10 Most Viewed YouTube Videos

Click here to take the quiz!

General Stats

  • This quiz has been taken 128 times
    (116 since last reset)
  • The average score is 6 of 10

Answer Stats

ViewsAnswer% Correct
32MGrace Kelly (Extended Version)
97%
56MLollipop
79%
48MRelax, Take It Easy
77%
26MBig Girl (You Are Beautiful)
71%
36MHappy Ending (Long Version)
67%
39MLove Today
66%
37MWe Are Golden
59%
178MPopular Song ft. Ariana Grande
58%
36MBoum Boum Boum
39%
31MKick Ass (We Are Young)
20%

Score Distribution

Percentile by Number Answered

Percent of People with Each Score

Your Score History

You have not taken this quiz since the last reset